Beginning Oracle SQL : (Record no. 35402)

MARC details
000 -LEADER
fixed length control field 00573nam a22001937a 4500
005 - DATE AND TIME OF LATEST TRANSACTION
control field 20240320135912.0
008 - FIXED-LENGTH DATA ELEMENTS--GENERAL INFORMATION
fixed length control field 240320b |||||||| |||| 00| 0 eng d
020 ## - INTERNATIONAL STANDARD BOOK NUMBER
ISBN 9781430265566
082 ## - DEWEY DECIMAL CLASSIFICATION NUMBER
Classification number 005.758
Item number HAA-B
100 ## - MAIN ENTRY--AUTHOR
Author Name Haan, Lex De
245 ## - TITLE STATEMENT
Title Beginning Oracle SQL :
Remainder of title for oracle database 12c /
Statement of responsibility, etc. Tim Gorman, Inger Jorgensen, Mealanie Caffrey
250 ## - EDITION STATEMENT
Edition statement 3rd ed.
260 ## - PUBLICATION, DISTRIBUTION, ETC.
Place of Publication india:
Name of publisher, distributor, etc. a press;
Date of publication, distribution, etc. 23 cm.
300 ## - PHYSICAL DESCRIPTION
Pages xxv, 410 p. :
500 ## - GENERAL NOTE
General note include index.
650 ## - SUBJECT ADDED ENTRY--TOPICAL TERM
Subject / Department computer science/programming
700 ## - ADDED ENTRY--PERSONAL NAME
Personal name Tim Gorman,
300 ## - PHYSICAL DESCRIPTION
-- ill;
-- 23 cm.
952 ## - LOCATION AND ITEM INFORMATION (KOHA)
-- 0
-- 0
Holdings
Lost status Damaged status Collection code Permanent Location Current Location Shelving Location Date acquired Full Call Number Accession No./Barcode Date last seen item type Koha item type
    CS/IT Superior Information Resource Center (SIRC) Superior University- Gold Campus Superior Information Resource Center (SIRC) Superior University- Gold Campus Programming 03/20/2024 005.785 HAA-B 2014 17087 03/20/2024 BOOK BOOK

Powered by Koha